| 000 | 00350cam a2200145ua 4500 | ||
|---|---|---|---|
| 041 |
_aeng _h |
||
| 082 |
_a824 _bTHO/CH |
||
| 100 | _aThornley, G.C. | ||
| 245 |
_aChanging horizons / _cG.C.Thornley. _hTextual Documents |
||
| 260 |
_aLondon : _bLongman Green and Co , _c1964. |
||
| 300 | _a174 ; . | ||
| 504 | _a | ||
| 942 | _cBK | ||
| 999 |
_c8901 _d8901 |
||